Statistics for Legendary Pokemon

Click here to take the quiz!

General Stats

  • This quiz has been taken 14 times
  • The average score is 12 of 27

Answer Stats

answer% Correct
Articuno
85%
Mewtwo
85%
Zapdos
85%
Lugia
77%
Moltres
77%
Entei
69%
Ho-Oh
69%
Rayquaza
62%
Groudon
54%
Raikou
54%
Regigigas
54%
Dialga
46%
Kyogre
46%
Regice
46%
Regirock
46%
Registeel
46%
Darkrai
38%
Palkia
38%
Cresselia
23%
Giratina
23%
Heatran
23%
Latias
23%
Latios
23%
Suicine
15%
Azelf
8%
Mesprit
8%
Uxie
8%

Score Distribution

Percentile by Number Answered

Percent of People with Each Score

Your Score History

You have not taken this quiz